| 000 | 01003nam a22002297a 4500 | ||
|---|---|---|---|
| 005 | 20240530110540.0 | ||
| 008 | 160507s2013 ua a g b 000 1 ara d | ||
| 017 |
_a2013/14456 _bمصر . دار الكتب المصرية |
||
| 020 | _a9789774484933 | ||
| 040 | _aEG-CaGPL | ||
| 082 | 0 | 4 |
_221 _a892.4309\ _bم ت |
| 100 | 0 | _aمحمد عبود . | |
| 245 | 1 | 2 |
_aالتمرد على الصهيونية فى الادب الاسرائيلى المعاصر : _bدراسة بنيوية للقصص القصيرة الفائزة بجائزة " هاآرتس " / _cمحمد عبود . |
| 250 | _aط1. | ||
| 260 |
_aالقاهرة : _bالهيئة المصرية العامة للكتاب ، _c2013 . |
||
| 300 |
_a441 ص ؛ _c24 سم . |
||
| 504 | _aيشتمل على ارجاعات ببليوجرافية | ||
| 650 | 0 | 4 |
_aالادب العبرى _xتاريخ و نقد . |
| 650 | 0 | 4 |
_aالقصص العبرية _xتاريخ و نقد . |
| 942 |
_2ddc _cBK |
||
| 999 |
_c62232 _d62232 |
||